|
|
|
|
| LEADER |
01662nam a2200313 a 4500 |
| 001 |
4908565 |
| 008 |
100120s1994 dcuab b 000 0 eng d |
| 010 |
|
|
|a \\\94045272
|
| 020 |
|
|
|a 0821331329
|
| 040 |
|
|
|a DLC
|c DLC
|d DLC
|d BD-DhAAL
|
| 082 |
0 |
0 |
|a 333.7
|2 20
|
| 245 |
0 |
0 |
|a Protected area economics and policy :
|b linking conservation and sustainable development /
|c edited by Mohan Munasinghe and Jeffrey McNeely ; compiled by Adelaida Schwab.
|
| 260 |
|
|
|a Washington, D.C. :
|b Distributed for the World Conservation Union by The World Bank,
|c c1994.
|
| 300 |
|
|
|a vii, 364 :
|b ill., maps ;
|c 28 cm.
|
| 504 |
|
|
|a Includes bibliographical references.
|
| 500 |
|
|
|a "The papers in this volume originated from the Workshop on the Economics of Protected Areas at the IUNC-World Conservation Union Fourth World Congress on National Parks and Protected Areas, held in Caracas, Venezuela, during February 10-21, 1992"--P. vii.
|
| 541 |
1 |
|
|e 00006063
|
| 650 |
|
0 |
|a Sustainable development
|x Case studies.
|
| 650 |
|
0 |
|a Conservation of natural resources
|x Case studies.
|
| 650 |
|
0 |
|a Natural resources
|x Management
|x Case studies.
|
| 650 |
|
0 |
|a Ecotourism
|x Case studies.
|
| 700 |
1 |
|
|a Munasinghe, Mohan,
|d 1945-
|
| 700 |
1 |
|
|a McNeely, Jeffrey A.
|
| 700 |
1 |
|
|a Schwab, Adelaida.
|
| 710 |
2 |
|
|a International Union for Conservation of Nature and Natural Resources.
|
| 711 |
2 |
|
|a Workshop on the Economics of Protected Areas
|d (1992 :
|c Caracas, Venezuela)
|
| 852 |
4 |
|
|a Ayesha Abed Library
|j General shelf
|
| 999 |
|
|
|c 7074
|d 7074
|
| 952 |
|
|
|0 0
|1 0
|2 ddc
|4 0
|6 333_700000000000000_PRO_1994
|7 0
|9 7346
|a BRACUL
|b BRACUL
|c GEN
|d 2010-01-21
|l 0
|o 333.7 PRO
|p 3010006063
|r 2010-01-21
|t 1
|w 2010-01-21
|y BK
|